Most Obese Countries - Statistics

General Stats
  • This quiz has been taken 120 times
  • The average score is 7 of 15
Answer Stats
Rate Answer % Correct
36% United States
97%
61% Nauru
64%
47% Samoa
59%
51% Tuvalu
56%
55% Palau
53%
45% F.S Micronesia
52%
48% Tonga
50%
46% Kiribati
49%
52% Marshall Islands
47%
35% Saudi Arabia
45%
35% Qatar
40%
37% Kuwait
38%
32% Turkey
31%
35% Jordan
30%
32% Libya
13%
No matching quizzes found
Score Distribution
Percent of People with Each Score
Percentile by Number Answered
Your Score History
You have not taken this quiz